|
|
|
|
| LEADER |
01221aam a22003498a 4500 |
| 001 |
00030647 |
| 005 |
20171026081025.0 |
| 008 |
130523s2011 ||||||viesd |
| 020 |
|
|
|c 75000
|
| 041 |
0 |
# |
|a vie
|
| 082 |
1 |
4 |
|a 808.8
|b V115H
|
| 245 |
1 |
0 |
|a Văn học Âu - Mỹ thế kỉ XX
|c Lê Huy Bắc (ch.b), Nguyễn Linh Chi, ...[ và nh. ng. khác]
|
| 260 |
# |
# |
|a Hà Nội
|b Đại học sư phạm
|c 2011
|
| 300 |
# |
# |
|a 399 tr.
|c 24 cm.
|
| 653 |
# |
# |
|a Thế kỉ XX
|
| 653 |
# |
# |
|a Văn học Châu Mỹ
|
| 653 |
# |
# |
|a Văn học Châu Âu
|
| 653 |
# |
# |
|a Văn học hiện đại
|
| 700 |
1 |
# |
|a Bửu, Nam
|
| 700 |
1 |
# |
|a Hoàng, Thị Quỳnh Trang
|
| 700 |
1 |
# |
|a Đào, Duy Hiệp
|
| 700 |
1 |
# |
|a Trương, Kim Phượng
|
| 700 |
1 |
# |
|a Nguyễn, Thị Thu Dung
|
| 700 |
1 |
# |
|a Lê, Huy Bắc
|e chủ biên
|
| 700 |
1 |
# |
|a Nguyễn, Linh Chi
|
| 700 |
1 |
# |
|a Nguyễn, Thanh Hiếu
|
| 700 |
1 |
# |
|a Nguyễn, Thùy Linh
|
| 852 |
# |
# |
|b Kho đọc
|j KD.0014578
|
| 852 |
# |
# |
|b Kho mượn
|j KM.0015215, KM.0015216
|
| 852 |
# |
# |
|j KM.0015215
|j KD.0014578
|j KM.0015216
|
| 910 |
|
|
|d 23/05/2013
|
| 980 |
# |
# |
|a Trung tâm Học liệu Lê Vũ Hùng, Trường Đại học Đồng Tháp
|